Demontage des Subjekts : Soziale Medien, Künstliche Intelligenz, Transhumanismus /
Das Buch zeichnet die grundstürzende Demontage des Subjekts durch den grassierenden Einfluss der Sozialen Medien, der Künstlichen Intelligenz und des Transhumanismus nach. Ausgehend von einer vielschichtigen Analyse des tradierten Subjektbegriffs wird deutlich, dass das Subjekt nur eine philosophisc...
المؤلف الرئيسي:
التنسيق: كتاب الكتروني
اللغة:
English
German
منشور في:
Paderborn :
Ferdinand Schöningh, Brill | Fink,
2026.
الموضوعات:
الوصول للمادة أونلاين: Login to view Source
الوسوم: إضافة وسم
رقم الطلب: PZ7.S588
| LEADER | 02657nam a22004578i 4500 | ||
|---|---|---|---|
| 001 | BRILL9783846770900 | ||
| 003 | nllekb | ||
| 005 | 20260324115027.0 | ||
| 006 | m d | ||
| 007 | cr un uuuua | ||
| 008 | 251224s2026 gw sb 001 0 eng d | ||
| 020 | |a 9783846770900 |q (electronic book) | ||
| 020 | |z 9783770570904 |q (print) | ||
| 024 | 7 | |a 10.30965/9783846770900 |2 DOI | |
| 040 | |a NL-LeKB |c NL-LeKB |e rda | ||
| 041 | |a ger | ||
| 050 | 4 | |a PZ7.S588 | |
| 072 | 7 | |a HPJ |2 bicssc | |
| 072 | 7 | |a PHI |x 013000 |2 bisacsh | |
| 082 | 0 | 4 | |a 100 |
| 100 | 1 | |a Georg, Jutta, |e author. | |
| 245 | 1 | 0 | |a Demontage des Subjekts : |b Soziale Medien, Künstliche Intelligenz, Transhumanismus / |c Jutta Georg. |
| 246 | 3 | |a Soziale Medien, Künstliche Intelligenz, Transhumanismus | |
| 264 | 1 | |a Paderborn : |b Ferdinand Schöningh, Brill | Fink, |c 2026. | |
| 264 | 4 | |c ©2026 | |
| 300 | |a 1 online resource (188 pages) : |b illustrations. | ||
| 336 | |a text |b txt |2 rdacontent | ||
| 337 | |a computer |b c |2 rdamedia | ||
| 338 | |a online resource |2 rdacarrier | ||
| 490 | 1 | |a Schöningh, Fink and mentis Religious Studies, Theology and Philosophy E-Books Online, Collection 2026 | |
| 504 | |a Includes bibliographical references and index. | ||
| 520 | |a Das Buch zeichnet die grundstürzende Demontage des Subjekts durch den grassierenden Einfluss der Sozialen Medien, der Künstlichen Intelligenz und des Transhumanismus nach. Ausgehend von einer vielschichtigen Analyse des tradierten Subjektbegriffs wird deutlich, dass das Subjekt nur eine philosophische Fiktion ist. Vor diesem Hintergrund stellt sich die Frage, von welchem Standpunkt aus seiner - im Unterschied zur philosophischen und psychologischen Subjektkritik - unreflektierten und theorielosen Demontage dennoch etwas entgegensetzt werden kann. Vorgeschlagen wird ein existenzieller Bezug auf das Nichtidentische als Statthalter des individuell Besonderen im Sinne Adornos. Damit werden die klassischen Subjektattribute - Vernunft, freier Wille, Handlungsfreiheit und Autonomie - umgangen, während das Individuelle in seiner Abgrenzung gegen das Allgemeine bewahrt und gerettet wird. | ||
| 546 | |a German | ||
| 588 | |a Description based on print version record. | ||
| 650 | 0 | |a Anthropology. | |
| 650 | 0 | |a Epistemology & Metaphysics. | |
| 650 | 0 | |a Philosophy. | |
| 776 | 0 | 8 | |i Print version: |t Demontage des Subjekts. |d Paderborn : Ferdinand Schöningh, Brill | Fink, 2026. |z 9783770570904 |w (OCoLC)1553852539 |
| 830 | 0 | |a Schöningh, Fink and mentis Religious Studies, Theology and Philosophy E-Books Online, Collection 2026. | |
| 856 | 4 | |z DOI: |u http://dx.doi.org/10.30965/9783846770900 | |
| 999 | |c 61996 |d 61996 | ||
